| 000 | 00837cam a2200277 i 4500 | ||
|---|---|---|---|
| 001 | 18710 | ||
| 003 | BD-RjUL | ||
| 005 | 20211209000325.0 | ||
| 008 | 140222s1977 enk 001 0beng | ||
| 020 | _a0333197704 : | ||
| 035 | _a(BD-RjUL)18768 | ||
| 040 |
_aDLC _cDLC _dDLC _beng |
||
| 041 | _aeng | ||
| 082 | 0 | 0 |
_a822.912 _bJMS |
| 245 | 0 | 0 |
_aJ. M. Synge : _binterviews and recollections / _cedited by E. H. Mikhail, foreword by Robin Skelton. |
| 260 |
_aLondon : _bMacmillan, _c1977. |
||
| 300 |
_axiv, 138 p. ; _c23 cm. |
||
| 504 | _aIncludes index. | ||
| 600 | 1 | 0 |
_aSynge, J. M. _q(John Millington), _d1871-1909. _993301 |
| 650 | 0 |
_aDramatists, Irish _y20th century _xBiography. _957630 |
|
| 650 | 0 |
_aPlaywriting. _957631 |
|
| 700 | 1 |
_aMikhail, E. H. _957632 |
|
| 942 |
_2ddc _cBK |
||
| 999 |
_c18710 _d18710 |
||